000 00744nas a2200265 4500
001 BR7907356
003 BR-BrBNA
005 20231205084014.0
007 ta
008 230509b bl.|||p| |||| 00| 00por d
040 _aBR-BrBNA
_bpor
_cBiblioteca Nacional de Agricultura
041 _a(Pt)
072 _aL73; L70
100 1 _aBasile, J.R.
100 1 _aDiniz, J.M.F.
245 1 _aActinomicose no penis de bovino [bacteria, diagnostico, cirurgia, Brasil]
650 _aPENIS
650 _aBOVINO
650 _aACTINOMICOSE
650 _aBACTERIA
650 _aCIRURGIA
773 0 _tSemina (Brazil)
_xISSN 0101-3742
_g(Jan 1979), v. 1(3) p. 45-46
_wBR7907356
909 _a202311
_bLúcia
_c55
_dLúcia Elande
942 _2AGRIS
_n0
_cANA
999 _c102539
_d102539